000 00660nam a2200217 i 4500
001 18858
003 ES-MaACL
005 20231222063028.0
007 t|
008 020321s1980 sp ||||1| spa d
020 _a84-7393-109-2
080 _a329(460) U.C.D.
100 1 _aJáuregui, Fernando,
_d1950-
_966193
245 1 3 _aLa otra historia de U.C.D. /
_cFernando Jáuregui, Manuel Soriano.
260 _aMadrid :
_bEmiliano Escolar,
_c[1980]
300 _a308 p. :
_bil. ;
_c19 cm.
610 2 7 _aUnión de Centro Democrático (España)
_97006
700 1 _aSoriano, Manuel.
_9107386
852 _aES-MaACL
_jG-1291
999 _c18858
_d18858